000
00237 a2200097 4500
001
18506
100
_a
Uneses
245
_a
Learning to be the world of education today tomorrow
260
_a
_b
Unesco harrap
_c
1972
090
_c
13741
_d
13741
942
_a
NUST-CAE
_c
M
_c
4160
999
_c
253579
_d
253579